000 00288nam a2200109Ia 4500
008 200302s9999 xx 000 0 und d
100 _aPatricia tutt & David Adler
245 _aNew Metric HandBook Planning & Design Data
260 _bArchitectural Press
260 _c1985
300 _a504 P.,
999 _c755
_d755